[Event "Madrid Alcorcon op 1st"]
[Site "Madrid"]
[Date "2022.12.30"]
[Round "9"]
[White "Mata Medina, Andres"]
[Black "Ruiz de Leon Merlo, Esther"]
[Result "1/2-1/2"]
[WhiteElo "1574"]
[BlackElo "1719"]
[PlyCount "90"]
[EventDate "2022.12.26"]
[EventType "swiss"]
[EventRounds "9"]
[EventCountry "ESP"]
[SourceTitle "CBM 212 Extra"]
[Source "ChessBase"]
[SourceDate "2023.03.31"]
[SourceVersion "1"]
[SourceVersionDate "2023.03.31"]
[SourceQuality "1"]

1. d4 d5 2. c4 e6 3. Nf3 c6 4. Nc3 dxc4 5. a4 Bb4 6. e3 b5 7. Ne5 Nf6 8. Bd2 a5 9. axb5 Bxc3 10. Bxc3 cxb5 11. Qf3 Ra7 12. Nc6 Nxc6 13. Qxc6+ Bd7 14. Qc5 Ra8 15. g4 Nd5 16. e4 Nxc3 17. bxc3 Qe7 18. Qh5 Bc6 19. Rg1 g6 20. Qe5 f6 21. Qg3 Bxe4 22. Bg2 Bxg2 23. Qxg2 Kf7 24. h4 Ra7 25. g5 Qb7 26. f3 b4 27. gxf6 b3 28. h5 Rg8 29. Qh3 g5 30. Rg2 a4 31. Re2 Qd5 32. Re5 Qd6 33. Qg4 h6 34. Qe4 Kxf6 35. f4 gxf4 36. Qxf4+ Ke7 37. Qxh6 Kd8 38. Rxe6 Qxe6+ 39. Qxe6 Re8 40. Qxe8+ Kxe8 41. Kd2 b2 42. Rf1 a3 43. Kc2 Rb7 44. Kb1 Rb3 45. h6 Rb7 1/2-1/2

[Event "ESP-ch (Women)"]
[Site "Linares"]
[Date "2017.08.26"]
[Round "8"]
[White "Ruiz de Leon Merlo, Esther"]
[Black "Rodriguez Perez, Marta"]
[Result "0-1"]
[WhiteElo "1696"]
[BlackElo "1277"]
[PlyCount "46"]
[EventDate "2017.08.21"]
[EventType "swiss"]
[EventRounds "9"]
[EventCountry "ESP"]
[SourceTitle "CBM 180 Extra"]
[Source "ChessBase"]
[SourceDate "2017.10.06"]
[SourceVersion "1"]
[SourceVersionDate "2017.10.06"]
[SourceQuality "1"]

1. e4 e6 2. d4 d5 3. e5 c5 4. c3 Nc6 5. Nf3 Qb6 6. a3 Bd7 7. b4 cxd4 8. cxd4 Nge7 9. Be2 Nf5 10. Bb2 Rc8 11. 0-0 Be7 12. Kh1 0-0 13. g4 Nh4 14. Nbd2 Qd8 15. Nxh4 Bxh4 16. f4 f6 17. Nf3 fxe5 18. Nxe5 Nxe5 19. dxe5 Be7 20. b5 Bc5 21. f5 exf5 22. Qxd5+ Kh8 23. e6 Bc6 0-1

[Event "ESP-ch (Women)"]
[Site "Linares"]
[Date "2017.08.25"]
[Round "7"]
[White "Garreta Nieto, Maria"]
[Black "Ruiz de Leon Merlo, Esther"]
[Result "1/2-1/2"]
[WhiteElo "1771"]
[BlackElo "1696"]
[PlyCount "123"]
[EventDate "2017.08.21"]
[EventType "swiss"]
[EventRounds "9"]
[EventCountry "ESP"]
[SourceTitle "CBM 180 Extra"]
[Source "ChessBase"]
[SourceDate "2017.10.06"]
[SourceVersion "1"]
[SourceVersionDate "2017.10.06"]
[SourceQuality "1"]

1. d4 g6 2. c4 Bg7 3. Nf3 c5 4. d5 d6 5. Nc3 Bxc3+ 6. bxc3 Nf6 7. e3 e6 8. Qd3 0-0 9. Be2 Qa5 10. a4 exd5 11. cxd5 Nxd5 12. Bd2 Nf6 13. c4 Qc7 14. Bc3 Bf5 15. Qd2 Ne4 16. Qb2 Nxc3 17. Qxc3 Nc6 18. 0-0 Ne5 19. Rfd1 Bg4 20. Rd5 Bxf3 21. Bxf3 Nxf3+ 22. gxf3 Rfe8 23. Rad1 Re6 24. Qd3 Rd8 25. h4 b6 26. h5 Qe7 27. Kg2 Qh4 28. Rh1 Qe7 29. f4 Qd7 30. f5 Re5 31. hxg6 hxg6 32. f4 Rxf5 33. Rxf5 Qxf5 34. Qxf5 gxf5 35. Rh5 d5 36. cxd5 Rxd5 37. Kf3 Rd3 38. a5 Ra3 39. axb6 axb6 40. Rxf5 c4 41. Ke4 Rb3 42. Kd4 b5 43. Rc5 Kg7 44. Rc6 f6 45. Rc5 Kg6 46. Rc8 c3 47. e4 b4 48. Kd3 Rb2 49. Rc4 Rd2+ 50. Ke3 Rd1 51. Ke2 Rb1 52. Kd3 Rb2 53. Rc5 Rd2+ 54. Kc4 c2 55. Kb3 Rd4 56. e5 f5 57. Rxc2 Rxf4 58. Re2 Kf7 59. e6+ Ke7 60. Re5 Re4 61. Rxf5 Kxe6 62. Rb5 1/2-1/2

[Event "La Mancha-ch (Women)"]
[Site "Valverde de Jucar"]
[Date "2017.07.08"]
[Round "4.2"]
[White "Ruiz de Leon Merlo, Esther"]
[Black "Lopez Milian, Andrea"]
[Result "1-0"]
[WhiteElo "1627"]
[BlackElo "1172"]
[PlyCount "79"]
[EventDate "2017.07.06"]
[EventType "tourn"]
[EventRounds "5"]
[EventCountry "ESP"]
[SourceTitle "EXT 2024"]
[Source "ChessBase"]
[SourceDate "2023.10.10"]
[SourceVersion "1"]
[SourceVersionDate "2023.10.10"]
[SourceQuality "1"]

1. e4 c5 2. Nf3 d6 3. d4 cxd4 4. Nxd4 Nf6 5. Nc3 a6 6. Be2 e5 7. Nb3 Be7 8. Be3 Be6 9. 0-0 0-0 10. f4 Qc7 11. f5 Bc4 12. Rf3 Ng4 13. Bxc4 Qxc4 14. Bb6 Nd7 15. Nd2 Qc6 16. Nd5 Kh8 17. Rc3 Qb5 18. a4 Qxb2 19. Nc4 Qxc3 20. Nxc3 Rac8 21. Qd3 Rc6 22. Nd5 Bg5 23. Na5 Rcc8 24. Qg3 Nxb6 25. Nxb6 Be3+ 26. Kf1 Bxb6 27. Qxg4 Bxa5 28. Qd1 Rc6 29. Rb1 b6 30. Qd5 Rfc8 31. Qxf7 Rxc2 32. Qb7 Rf8 33. Qe7 Rcc8 34. Qxd6 g6 35. Qxe5+ Kg8 36. f6 Rce8 37. Qd5+ Kh8 38. e5 Bc3 39. Qd7 Rg8 40. f7 1-0

[Event "La Mancha-ch (Women)"]
[Site "Valverde de Jucar"]
[Date "2017.07.06"]
[Round "1.1"]
[White "Ruiz de Leon Merlo, Esther"]
[Black "Lopez Milian, Adela"]
[Result "1-0"]
[WhiteElo "1627"]
[BlackElo "1134"]
[PlyCount "51"]
[EventDate "2017.07.06"]
[EventType "tourn"]
[EventRounds "5"]
[EventCountry "ESP"]
[SourceTitle "EXT 2024"]
[Source "ChessBase"]
[SourceDate "2023.10.10"]
[SourceVersion "1"]
[SourceVersionDate "2023.10.10"]
[SourceQuality "1"]

1. e4 e5 2. Nf3 Nc6 3. Bc4 Bc5 4. c3 Nf6 5. d4 exd4 6. e5 Qe7 7. Qe2 Ng8 8. 0-0 dxc3 9. Nxc3 Nd4 10. Nxd4 Bxd4 11. Nd5 Qc5 12. Bf4 Kf8 13. Rac1 c6 14. b4 Bxf2+ 15. Rxf2 Qd4 16. Rd1 Qxf2+ 17. Qxf2 cxd5 18. Bxd5 Ne7 19. Bb3 a5 20. Bg5 d5 21. exd6 Nf5 22. d7 Bxd7 23. Rxd7 g6 24. Qc5+ Kg7 25. Rxf7+ Kg8 26. Rd7# 1-0

[Event "Castilla La Mancha Region U16"]
[Site "Horche"]
[Date "2015.03.30"]
[Round "6.6"]
[White "Jimenez Garcia, Juan"]
[Black "Ruiz de Leon Merlo, Esther"]
[Result "0-1"]
[WhiteElo "1363"]
[BlackElo "1606"]
[PlyCount "46"]
[EventDate "2015.03.27"]
[EventType "swiss"]
[EventRounds "6"]
[EventCountry "ESP"]
[SourceTitle "EXT 2024"]
[Source "ChessBase"]
[SourceDate "2023.10.10"]
[SourceVersion "1"]
[SourceVersionDate "2023.10.10"]
[SourceQuality "1"]

1. e4 e5 2. Nf3 Nc6 3. Bb5 a6 4. Ba4 Nf6 5. 0-0 b5 6. Bb3 Be7 7. Re1 0-0 8. h3 d5 9. exd5 Nxd5 10. Nxe5 Nxe5 11. Rxe5 Nf6 12. d3 Bd6 13. Re1 Ng4 14. hxg4 Qh4 15. g3 Bxg3 16. Qf3 Qh2+ 17. Kf1 Bxg4 18. Qxg3 Qh1+ 19. Qg1 Qh3+ 20. Qg2 Qh5 21. Qg3 Bf3 22. Re3 Qh1+ 23. Qg1 Bg2+ 0-1

[Event "Castilla La Mancha Region U16"]
[Site "Horche"]
[Date "2015.03.29"]
[Round "4.5"]
[White "Perales Paton, Miguel"]
[Black "Ruiz de Leon Merlo, Esther"]
[Result "1/2-1/2"]
[WhiteElo "1508"]
[BlackElo "1606"]
[PlyCount "85"]
[EventDate "2015.03.27"]
[EventType "swiss"]
[EventRounds "6"]
[EventCountry "ESP"]
[SourceTitle "EXT 2024"]
[Source "ChessBase"]
[SourceDate "2023.10.10"]
[SourceVersion "1"]
[SourceVersionDate "2023.10.10"]
[SourceQuality "1"]

1. d4 d5 2. Nf3 c6 3. e3 Bf5 4. c4 e6 5. Nc3 Nf6 6. Be2 Bd6 7. Qb3 Qb6 8. c5 Qxb3 9. axb3 Bc7 10. b4 Ne4 11. Nxe4 Bxe4 12. b5 cxb5 13. Bxb5+ Ke7 14. 0-0 Bxf3 15. gxf3 b6 16. b4 a6 17. Bd2 Kd8 18. Ra2 Kc8 19. c6 Bd6 20. Rfa1 Kc7 21. Bxa6 Nxa6 22. b5 Rhb8 23. Rxa6 Rxa6 24. Rxa6 Kd8 25. Ra7 Bc7 26. Bb4 Rc8 27. Bf8 g6 28. Bg7 f5 29. Bf6+ Ke8 30. Be5 Kd8 31. Bxc7+ Rxc7 32. Rxc7 Kxc7 33. f4 h6 34. f3 Kd6 35. e4 Kc7 36. Kg2 Kd6 37. Kg3 Kc7 38. h3 Kc8 39. h4 h5 40. Kf2 Kc7 41. Ke3 Kd6 42. Kd3 Kc7 43. Kc3 1/2-1/2